Library Logo

Pioneer International University Library Catalogue

A degree of betrayal / (Record no. 10017)

MARC details
000 -LEADER
fixed length control field 01197nam a22002897a 4500
003 - CONTROL NUMBER IDENTIFIER
control field OSt
005 - DATE AND TIME OF LATEST TRANSACTION
control field 20260401093307.0
008 - FIXED-LENGTH DATA ELEMENTS--GENERAL INFORMATION
fixed length control field 260401b |||||||| |||| 00| 0 eng d
010 ## - LIBRARY OF CONGRESS CONTROL NUMBER
LC control number 2004001498
020 ## - INTERNATIONAL STANDARD BOOK NUMBER
International Standard Book Number 0842387269
040 ## - CATALOGING SOURCE
Transcribing agency TYNDALE HOUSE PUBLISHERS
041 ## - LANGUAGE CODE
Language code of text/sound track or separate title english
050 ## - LIBRARY OF CONGRESS CALL NUMBER
Classification number PZ 7 .M19 2004
Item number .M19 2004
100 ## - MAIN ENTRY--PERSONAL NAME
Personal name Mackall, Candi Daley,
Relator term author.
245 ## - TITLE STATEMENT
Title A degree of betrayal /
Statement of responsibility, etc. Candi Daley Mackall.
250 ## - EDITION STATEMENT
Edition statement 1st edition.
260 ## - PUBLICATION, DISTRIBUTION, ETC.
Place of publication, distribution, etc. New York :
Name of publisher, distributor, etc. Tyndale House Publishers,
Date of publication, distribution, etc. 2004.
300 ## - PHYSICAL DESCRIPTION
Extent 320 pages,
Other physical details hardcover, ill. :col ;
Dimensions 20.4 cm
500 ## - GENERAL NOTE
General note A novel about friendship, ambition, and betrayal in a college setting.
520 ## - SUMMARY, ETC.
Summary, etc. Scarred and in pain after a car accident , a high school senior turns away from God , especially after remembering how her boyfriend and best friend were involved in the crash , and plans her revenge while the elderly woman sharing her hospital room urges her to forgive and forget.
650 ## - SUBJECT ADDED ENTRY--TOPICAL TERM
Topical term or geographic name entry element Traffic accidents
General subdivision fiction.
650 ## - SUBJECT ADDED ENTRY--TOPICAL TERM
Topical term or geographic name entry element revenge
General subdivision fiction.
650 ## - SUBJECT ADDED ENTRY--TOPICAL TERM
Topical term or geographic name entry element Amnesia
General subdivision fiction
650 ## - SUBJECT ADDED ENTRY--TOPICAL TERM
Topical term or geographic name entry element Interpersonal Relation
General subdivision Fiction.
650 ## - SUBJECT ADDED ENTRY--TOPICAL TERM
Topical term or geographic name entry element Conduct of life
General subdivision Fiction
942 ## - ADDED ENTRY ELEMENTS (KOHA)
Source of classification or shelving scheme Library of Congress Classification
Koha item type Books
Edition 1st ed.
Suppress in OPAC No
Holdings
Withdrawn status Lost status Source of classification or shelving scheme Damaged status Not for loan Home library Current library Date acquired Total checkouts Full call number Barcode Date last seen Price effective from Koha item type
    Library of Congress Classification     PIU Library Main Library 04/01/2026   PZ 7 .M19 2004 PIUDLMUR975 04/01/2026 04/01/2026 Books